000
00281nam a2200109Ia 4500
008
220204s9999 xx 000 0 und d
082
_a
541.14(035)
_b
MUR
100
_a
Murov, Steven L
245
0
_a
Handbook of Photochemistry
260
_a
New York
_b
Marcel Dekker
_c
1973
942
_c
BK
999
_c
26562
_d
26562